Security first: the Obama administration and immigration reform /

Αποθηκεύτηκε σε:
Λεπτομέρειες βιβλιογραφικής εγγραφής
Κύριος συγγραφέας: Nevins, Joseph
Μορφή: Κείμενο
Ετικέτες: Προσθήκη ετικέτας
Δεν υπάρχουν, Καταχωρήστε ετικέτα πρώτοι!

MARC

LEADER 00000 a a2200000 04500
001 43714
003
040
100 |a Nevins, Joseph  
245 |a Security first:   |b the Obama administration and immigration reform /  |c Joseph Nevins  
773 |g volumen43, número1 (2010), páginas 32-36 : fotos  
999 |c 39692  |d 39692